[Event "HZ Chess Tournament 2013"]
[Site "?"]
[Date "2013.08.07"]
[Round "6"]
[White "Klapwijk, Bram"]
[Black "Beukema, Stefan"]
[Result "1/2-1/2"]
[WhiteElo "2048"]
[BlackElo "2321"]
[PlyCount "148"]
[EventDate "2013.??.??"]

1. e4 e5 2. Nf3 Nc6 3. d4 exd4 4. Nxd4 Nf6 5. Nc3 Bb4 6. Nxc6 bxc6 7. Bd3 d5 8.
exd5 cxd5 9. O-O O-O 10. Bg5 Be6 11. Qf3 Be7 12. h3 Rb8 13. b3 c6 14. Rad1 h6
15. Bf4 Rb4 16. Ne2 g5 17. Bd2 Rh4 18. Bf5 Ne4 19. g3 Bxf5 20. Qxf5 Nd6 21. Qf3
Re4 22. Nc3 Re6 23. Rde1 Qd7 24. Qh5 d4 25. Rxe6 Qxe6 26. Re1 Qf6 27. Na4 Ne8
28. Qe2 Bd6 29. Qe4 Ba3 30. b4 Nd6 31. Qd3 Nb5 32. Nc5 Qg7 33. f4 a5 34. fxg5
hxg5 35. Nd7 Rd8 36. Qf5 Bxb4 37. Nf6+ Kh8 38. Bxb4 axb4 39. Re4 Qh6 40. Qe5
Nd6 41. Rxd4 Nb7 42. Rxb4 Qg6 43. Ne4+ f6 44. Qxf6+ Qxf6 45. Nxf6 Rd1+ 46. Kf2
Nd6 47. Ke2 Rg1 48. Rg4 Kg7 49. Nd7 Kh6 50. Ne5 c5 51. Rxg5 Rg2+ 52. Kf3 Rd2
53. Rg4 Nf5 54. Rc4 Nd4+ 55. Ke4 Re2+ 56. Kd5 Nxc2 57. Ng4+ Kg7 58. Kxc5 Na3
59. Rf4 Rxa2 60. Kd5 Nb5 61. Rf3 Rd2+ 62. Ke5 Nd4 63. Ra3 Nc6+ 64. Kf4 Rd4+ 65.
Ke3 Rb4 66. Rc3 Nd4 67. Nf2 Nf5+ 68. Kf3 Nd4+ 69. Kg2 Kf6 70. h4 Ra4 71. Re3
Nf5 72. Re4 Ra3 73. Nh1 Ra2+ 74. Kh3 Ra1 1/2-1/2

[Event "HZ Chess Tournament 2013"]
[Site "?"]
[Date "2013.08.07"]
[Round "6"]
[White "De Zwart, Johan"]
[Black "Timmermans, Mark"]
[Result "0-1"]
[WhiteElo "2034"]
[BlackElo "2287"]
[PlyCount "62"]
[EventDate "2013.??.??"]

1. e4 e5 2. Nf3 Nc6 3. Bc4 g6 4. O-O Bg7 5. d3 Nge7 6. a3 O-O 7. Nc3 d6 8. Nd5
h6 9. h3 Kh7 10. Nh2 f5 11. f4 Nxd5 12. exd5 Ne7 13. Bb3 exf4 14. d4 g5 15. h4
Kg8 16. hxg5 hxg5 17. c3 Qe8 18. Qe2 Qf7 19. Qc4 Ng6 20. Bd2 Bf6 21. Rae1 a6
22. a4 b5 23. axb5 axb5 24. Qd3 Bd7 25. Re6 Bxe6 26. dxe6 Qe7 27. Re1 c6 28.
Ng4 Bg7 29. d5 c5 30. Bc2 c4 31. Kf2 cxd3 0-1

[Event "HZ Chess Tournament 2013"]
[Site "?"]
[Date "2013.08.07"]
[Round "6"]
[White "Tiggelman, Rene"]
[Black "Hoffman, Ron"]
[Result "1/2-1/2"]
[WhiteElo "2285"]
[BlackElo "2047"]
[PlyCount "143"]
[EventDate "2013.??.??"]

1. d4 Nf6 2. Nf3 g6 3. c4 Bg7 4. Nc3 O-O 5. e4 d6 6. Be2 e5 7. d5 a5 8. Bg5 Na6
9. O-O Qe8 10. Nd2 Kh8 11. a3 Bd7 12. b3 Ng8 13. Rb1 f5 14. f3 f4 15. b4 Bf6
16. Bxf6+ Nxf6 17. c5 axb4 18. axb4 Qe7 19. c6 bxc6 20. dxc6 Be6 21. Qa4 Nc5
22. Qc2 Na6 23. Na4 g5 24. b5 Nb8 25. Rfc1 g4 26. b6 cxb6 27. Nxb6 Ra2 28. Rb2
Rxb2 29. Qxb2 gxf3 30. Nxf3 Qc7 31. Bc4 Bxc4 32. Rxc4 Nxc6 33. Qb5 Na7 34. Qa6
Nc6 35. Qb5 Na7 36. Qa6 Nc6 37. Nd5 Nxd5 38. Rxc6 Nb4 39. Rxc7 Nxa6 40. Ra7 Nc5
41. Ng5 Kg8 42. Re7 Rb8 43. h4 h6 44. Nf7 Kf8 45. Rc7 Rb7 46. Rxb7 Nxb7 47.
Nxh6 Nc5 48. Kf2 Nxe4+ 49. Kf3 Nf6 50. Nf5 d5 51. g4 fxg3 52. Nxg3 Kg7 53. Nf5+
Kf7 54. Ng3 Kg6 55. Nf1 Nh5 56. Ke3 Kf5 57. Nd2 d4+ 58. Kf3 Nf6 59. Nc4 e4+ 60.
Ke2 Kf4 61. Nb2 Nh5 62. Nc4 Ng3+ 63. Kd2 e3+ 64. Kd3 e2 65. Kd2 Kf3 66. Ne5+
Kf2 67. Ng4+ Kf1 68. Nh2+ Kg2 69. Ng4 d3 70. Ne5 Kh3 71. Nxd3 Kxh4 72. Nf4
1/2-1/2

[Event "HZ Chess Tournament 2013"]
[Site "?"]
[Date "2013.08.07"]
[Round "6"]
[White "De Vleeschauwer, Maarten"]
[Black "Van Foreest, Jorden"]
[Result "1/2-1/2"]
[WhiteElo "2030"]
[BlackElo "2284"]
[PlyCount "100"]
[EventDate "2013.??.??"]

1. e4 e5 2. Nf3 Nc6 3. Bc4 Bc5 4. c3 Nf6 5. d3 a6 6. Bb3 Ba7 7. Nbd2 d6 8. h3
Ne7 9. Nf1 Ng6 10. Ng3 O-O 11. O-O Be6 12. Bc2 h6 13. Be3 d5 14. Bxa7 Rxa7 15.
d4 Nxe4 16. Nxe4 dxe4 17. Nxe5 Qg5 18. Nxg6 Qxg6 19. Re1 Bf5 20. Re3 Raa8 21.
Qe2 Rae8 22. Re1 Qb6 23. b3 Qa5 24. a4 Qd5 25. Qc4 Qxc4 26. bxc4 Bd7 27. Bxe4
b6 28. Bc2 g6 29. Rxe8 Rxe8 30. Rxe8+ Bxe8 31. f4 h5 32. h4 Kg7 33. Kf2 Kf6 34.
Ke3 Ke6 35. Ke4 Bd7 36. Bb3 Kd6 37. g3 Bf5+ 38. Ke3 Be6 39. d5 Bf5 40. Kd4 Bb1
41. Bd1 Bf5 42. Bb3 Bd7 43. Bc2 Bg4 44. Bb3 Bf5 45. Bd1 Bd7 46. Bb3 c6 47. dxc6
Bxc6 48. Bc2 Bf3 49. Bb3 a5 50. Bc2 Bc6 1/2-1/2

[Event "HZ Chess Tournament 2013"]
[Site "?"]
[Date "2013.08.07"]
[Round "6"]
[White "Colijn, Stefan"]
[Black "Lentjes, Noud"]
[Result "1-0"]
[WhiteElo "2276"]
[BlackElo "2027"]
[PlyCount "35"]
[EventDate "2013.??.??"]

1. d4 Nf6 2. Nf3 e6 3. Bf4 b6 4. e3 Bb7 5. Nbd2 c5 6. Bd3 d5 7. c3 Be7 8. Ne5
O-O 9. Qf3 Nc6 10. Qh3 cxd4 11. exd4 g6 12. Bh6 Re8 13. Bb5 Rc8 14. Ndf3 Ne4
15. Bxc6 Bxc6 16. Nxf7 Kxf7 17. Ne5+ Kf6 18. Qf3# 1-0

[Event "HZ Chess Tournament 2013"]
[Site "?"]
[Date "2013.08.07"]
[Round "6"]
[White "Doberitz, Paul"]
[Black "Vreugdenhil, Frans"]
[Result "1/2-1/2"]
[WhiteElo "2254"]
[BlackElo "2008"]
[PlyCount "139"]
[EventDate "2013.??.??"]

1. e4 e5 2. Nf3 Nc6 3. Bb5 f5 4. Nc3 fxe4 5. Nxe4 d5 6. Nxe5 dxe4 7. Nxc6 Qg5
8. Nd4+ c6 9. Bf1 Bc5 10. Nb3 Bb6 11. d4 Qg6 12. Be3 Nf6 13. Qd2 Bg4 14. h3 Be6
15. O-O-O O-O 16. g4 a5 17. Kb1 Rfd8 18. g5 Nd5 19. h4 a4 20. Nc1 c5 21. h5 Qe8
22. Bg2 Ba5 23. Qe2 a3 24. Bd2 axb2 25. Kxb2 c4 26. Bxa5 Rxa5 27. Qxc4 Ne3 28.
Qc3 Qb5+ 29. Nb3 Nxd1+ 30. Rxd1 Rda8 31. Bxe4 Rxa2+ 32. Kc1 Bxb3 33. cxb3 Qe2
34. Bb1 Ra1 35. Re1 Qxf2 36. g6 Qf4+ 37. Kb2 Qf2+ 38. Kc1 Qf4+ 39. Kb2 Qh2+ 40.
Kc1 Qxh5 41. Qxa1 Qg5+ 42. Kd1 Qg4+ 43. Kd2 Qf4+ 44. Kd1 Qf3+ 45. Kd2 Qf2+ 46.
Re2 Qxe2+ 47. Kxe2 Rxa1 48. gxh7+ Kh8 49. Be4 b6 50. Kd3 g5 51. d5 Rd1+ 52. Kc4
g4 53. Bd3 Rc1+ 54. Kd4 g3 55. Be4 g2 56. Bxg2 Kxh7 57. d6 Kg7 58. Ke5 Kf8 59.
Bd5 Ke8 60. b4 Kd8 61. Be6 Rb1 62. Kd5 Rxb4 63. Bh3 Rb2 64. Bf1 b5 65. Kc5 b4
66. Bb5 Rb1 67. Kc4 b3 68. Kc3 Rd1 69. Kxb3 Rxd6 70. Bc4 1/2-1/2

[Event "HZ Chess Tournament 2013"]
[Site "?"]
[Date "2013.08.07"]
[Round "6"]
[White "Ducarmon, Renzo"]
[Black "Zwirs, Nico"]
[Result "1/2-1/2"]
[WhiteElo "2024"]
[BlackElo "2250"]
[PlyCount "190"]
[EventDate "2013.??.??"]

1. e4 c5 2. Nf3 e6 3. d4 cxd4 4. Nxd4 Nc6 5. Nc3 Qc7 6. f4 a6 7. Be3 d6 8. Qf3
Nf6 9. Bd3 Bd7 10. O-O h5 11. h3 Be7 12. Qf2 b5 13. a3 h4 14. Rad1 Nh5 15. Bxb5
axb5 16. Ndxb5 Qb8 17. Bb6 O-O 18. Bc7 Qb7 19. Bxd6 Bxd6 20. Nxd6 Qxb2 21. Ndb5
Nd4 22. Qxd4 Bxb5 23. Rb1 Qxc2 24. Nxb5 Ng3 25. Qf2 Qxe4 26. Rfe1 Qc4 27. Rb4
Qd3 28. Re3 Qd1+ 29. Re1 Qd3 30. Re3 Qd1+ 31. Re1 Qd7 32. a4 Ra5 33. Rd4 Qe7
34. Red1 Nf5 35. Rc4 Rfa8 36. Qc2 Qb7 37. Rd3 Rf8 38. Kh2 Ng3 39. Qc3 Raa8 40.
Qe5 Qb6 41. Qd4 Qa5 42. Qc3 Qxc3 43. Rdxc3 Rfd8 44. Nd4 Rab8 45. Rc1 Rxd4 46.
Rxd4 Ne2 47. Rcd1 Nxd4 48. Rxd4 Rb1 49. f5 exf5 50. Rxh4 g5 51. Rh5 f6 52. h4
Kg7 53. hxg5 Kg6 54. Rh6+ Kxg5 55. Rh8 f4 56. a5 Ra1 57. Ra8 Kg4 58. Rg8+ Kf5
59. Ra8 Ra2 60. Kg1 Ke4 61. Re8+ Kf5 62. Ra8 f3 63. gxf3 Kf4 64. a6 Kg3 65.
Rg8+ Kxf3 66. Ra8 f5 67. a7 f4 68. Kh1 Ra5 69. Kh2 Ra1 70. Rb8 Rxa7 71. Rb3+
Kg4 72. Rb2 Ra3 73. Kg2 Rg3+ 74. Kf2 Rh3 75. Rb8 Rh2+ 76. Kg1 Re2 77. Rb3 Re3
78. Rb2 Rd3 79. Rg2+ Kf3 80. Rf2+ Ke3 81. Rf1 Rd2 82. Ra1 f3 83. Re1+ Re2 84.
Ra1 Rg2+ 85. Kf1 Rf2+ 86. Kg1 Rd2 87. Re1+ Re2 88. Ra1 f2+ 89. Kf1 Kf3 90. Ra3+
Re3 91. Ra1 Kg3 92. Rb1 Rd3 93. Ra1 Re3 94. Rb1 Re1+ 95. Rxe1 fxe1=N 1/2-1/2

[Event "HZ Chess Tournament 2013"]
[Site "?"]
[Date "2013.08.07"]
[Round "6"]
[White "Tikranian, Alik"]
[Black "Sibriaev, Aleksandr"]
[Result "1/2-1/2"]
[WhiteElo "2006"]
[BlackElo "2239"]
[PlyCount "49"]
[EventDate "2013.??.??"]

1. b3 Nf6 2. Bb2 e6 3. e3 b6 4. f4 Bb7 5. Nf3 Be7 6. Be2 d6 7. O-O O-O 8. Nc3
Nbd7 9. Qe1 Ne4 10. Nxe4 Bxe4 11. d3 Bb7 12. e4 a5 13. a4 Nc5 14. Qg3 f6 15.
Rae1 Rf7 16. Nd4 f5 17. exf5 Bh4 18. Qe3 exf5 19. g3 Bf6 20. Qc1 Qd7 21. Bf3
Bxf3 22. Rxf3 Re8 23. Rfe3 Rxe3 24. Rxe3 Re7 25. Rxe7 1/2-1/2

[Event "HZ Chess Tournament 2013"]
[Site "?"]
[Date "2013.08.07"]
[Round "6"]
[White "Maatman, Nick"]
[Black "Van Der Werff, Frank"]
[Result "1-0"]
[WhiteElo "2207"]
[BlackElo "1983"]
[PlyCount "147"]
[EventDate "2013.??.??"]

1. Nf3 Nf6 2. c4 e6 3. Nc3 Bb4 4. d4 b6 5. Qb3 a5 6. a3 a4 7. Qc2 Bxc3+ 8. bxc3
Bb7 9. Nd2 O-O 10. e4 d6 11. Bd3 e5 12. O-O Nc6 13. f4 exd4 14. Bb2 dxc3 15.
Qxc3 Ne8 16. Rf3 Qf6 17. e5 dxe5 18. fxe5 Qxe5 19. Qxe5 Nxe5 20. Bxe5 Bxf3 21.
Nxf3 Nd6 22. Bxd6 cxd6 23. Rb1 Rfe8 24. Kf2 g6 25. Nd4 Rac8 26. Rxb6 d5 27.
cxd5 Rc3 28. Bb5 Rd8 29. d6 Rxa3 30. d7 Rc3 31. Ra6 Rc7 32. Rxa4 Rcxd7 33. Bxd7
Rxd7 34. Kf3 Kg7 35. h4 h6 36. Nc2 Rc7 37. Ne3 Rb7 38. g4 Rc7 39. Ra3 Rb7 40.
Rc3 Ra7 41. Rc4 Rb7 42. Nd5 Ra7 43. Rc7 Ra3+ 44. Ne3 Ra5 45. Rd7 Ra3 46. Rb7
Ra4 47. Rc7 Ra5 48. h5 Ra6 49. hxg6 Kxg6 50. Rc5 Rb6 51. Ng2 Rb8 52. Kf4 Rb4+
53. Kf3 Rb3+ 54. Ne3 Rb6 55. Ra5 Rf6+ 56. Kg3 Rb6 57. Nd5 Rb1 58. Nf4+ Kh7 59.
Ne2 Rb3+ 60. Kh4 Rb1 61. Ng3 Rb6 62. Nf5 Rb1 63. Ra6 Rh1+ 64. Kg3 Rg1+ 65. Kf3
Rf1+ 66. Kg2 Rb1 67. Rxh6+ Kg8 68. Kg3 Rg1+ 69. Kf4 Rf1+ 70. Kg5 Ra1 71. Rb6
Ra5 72. Kf6 Ra8 73. Rc6 Rb8 74. Rc8+ 1-0

[Event "HZ Chess Tournament 2013"]
[Site "?"]
[Date "2013.08.07"]
[Round "6"]
[White "Galle, Andre"]
[Black "Von Meijenfeldt, Bart"]
[Result "1/2-1/2"]
[WhiteElo "1976"]
[BlackElo "2202"]
[PlyCount "87"]
[EventDate "2013.??.??"]

1. d4 Nf6 2. c4 g6 3. Nc3 Bg7 4. e4 d6 5. f3 O-O 6. Bg5 c5 7. d5 a6 8. a4 Nbd7
9. Nh3 Qb6 10. Qd2 Ne5 11. Nf2 Qb4 12. a5 Bd7 13. Nd3 Nxd3+ 14. Bxd3 b5 15.
axb6 Qxb6 16. O-O h6 17. Bxh6 Bxh6 18. Qxh6 Qxb2 19. Rfc1 e6 20. Rab1 Qa3 21.
Ra1 Qb2 22. Rab1 Qa3 23. Ra1 Qb4 24. Rab1 Qa5 25. dxe6 Bxe6 26. Ne2 Nd7 27. Ra1
Qd8 28. f4 Bg4 29. e5 Qe7 30. Ng3 Rfb8 31. Be4 Ra7 32. Bd5 Be6 33. Re1 dxe5 34.
fxe5 Bxd5 35. cxd5 Nxe5 36. Ne4 f5 37. Ng5 Qf6 38. Rad1 c4 39. h3 Nd3 40. Re6
Qd4+ 41. Kh2 Qf4+ 42. Kg1 Qd4+ 43. Kh2 Qf4+ 44. Kg1 1/2-1/2

[Event "HZ Chess Tournament 2013"]
[Site "?"]
[Date "2013.08.07"]
[Round "6"]
[White "Roelofs, Rik"]
[Black "Van Den Berg, Ad"]
[Result "0-1"]
[WhiteElo "1975"]
[BlackElo "2197"]
[PlyCount "82"]
[EventDate "2013.??.??"]

1. e4 c5 2. Nf3 Nc6 3. d4 cxd4 4. Nxd4 g6 5. Be2 Bg7 6. Be3 Nf6 7. Nc3 O-O 8.
O-O d5 9. exd5 Nb4 10. d6 Qxd6 11. Ndb5 Qxd1 12. Raxd1 Nc6 13. h3 Bd7 14. Nc7
Rac8 15. N7d5 Nxd5 16. Nxd5 Be6 17. c3 Rfd8 18. Bf3 Rd7 19. Nf4 Rxd1 20. Rxd1
Bxa2 21. Ra1 Bc4 22. Bxc6 bxc6 23. g3 e5 24. Ng2 a6 25. b3 Bxb3 26. Rxa6 h6 27.
Rb6 Bd5 28. Kh2 g5 29. Rb4 Bf8 30. Ra4 f5 31. c4 Be4 32. f4 exf4 33. gxf4 Bd6
34. c5 Be7 35. Ra7 Kf8 36. fxg5 hxg5 37. h4 Rb8 38. Ra2 gxh4 39. Nf4 Rb1 40.
Ng2 Kf7 41. Rf2 Bf6 0-1

[Event "HZ Chess Tournament 2013"]
[Site "?"]
[Date "2013.08.07"]
[Round "6"]
[White "Stefan, Romulus-Cristian"]
[Black "Kerkhof, Michel"]
[Result "1-0"]
[WhiteElo "2188"]
[BlackElo "1971"]
[PlyCount "81"]
[EventDate "2013.??.??"]

1. d4 Nf6 2. c4 g6 3. Nc3 d5 4. Nf3 Bg7 5. Qb3 dxc4 6. Qxc4 a6 7. e4 b5 8. Qb3
Bb7 9. e5 Nd5 10. Be2 O-O 11. O-O h6 12. a4 Nxc3 13. Qxc3 bxa4 14. Rxa4 Nd7 15.
Rd1 Nb6 16. Ra5 e6 17. Qc2 Re8 18. Bd2 Nd5 19. Rda1 Bf8 20. Qc1 Kh7 21. Bxa6
Bxa6 22. Rxa6 Rxa6 23. Rxa6 Qb8 24. h4 Qb5 25. Rc6 Rb8 26. Rc2 Qd3 27. Rc6 Qb5
28. h5 Qxb2 29. hxg6+ Kxg6 30. Qd1 Qb1 31. Bc1 Qe4 32. Kh2 Rb1 33. Nd2 Qxd4 34.
Qc2+ Kg7 35. Qxb1 Qxe5+ 36. Kg1 Qe1+ 37. Nf1 Kg8 38. Qb3 Bd6 39. Bd2 Qe4 40.
Rc1 Nf4 41. Bxf4 1-0

[Event "HZ Chess Tournament 2013"]
[Site "?"]
[Date "2013.08.07"]
[Round "6"]
[White "Van De Poel, Taco"]
[Black "Goormachtigh, Johan"]
[Result "1/2-1/2"]
[WhiteElo "1959"]
[BlackElo "2182"]
[PlyCount "50"]
[EventDate "2013.??.??"]

1. e4 c5 2. Nc3 Nc6 3. Nge2 e6 4. d4 cxd4 5. Nxd4 Qc7 6. Ndb5 Qb8 7. Be3 a6 8.
Nd4 Nf6 9. f4 d6 10. Bc4 Na5 11. Bd3 b5 12. Qe2 b4 13. Nd1 Bb7 14. Nf2 d5 15.
e5 Ne4 16. O-O Be7 17. Rad1 g6 18. Bxe4 dxe4 19. Bc1 Bd5 20. Rfe1 Qb6 21. Nxe4
Rd8 22. Kh1 h5 23. b3 Nc6 24. Bb2 Nxd4 25. Bxd4 Qc7 1/2-1/2

[Event "HZ Chess Tournament 2013"]
[Site "?"]
[Date "2013.08.07"]
[Round "6"]
[White "Meertens, Martin"]
[Black "Ijzermans, Cees"]
[Result "0-1"]
[WhiteElo "2177"]
[BlackElo "1959"]
[PlyCount "76"]
[EventDate "2013.??.??"]

1. Nf3 g6 2. c4 Bg7 3. d4 Nf6 4. Nc3 O-O 5. e4 d6 6. Be2 e5 7. O-O Nc6 8. d5
Ne7 9. Ne1 Ne8 10. f3 f5 11. Be3 f4 12. Bf2 g5 13. b4 Ng6 14. c5 Rf7 15. Rc1
Nf6 16. Nb5 a6 17. Na3 a5 18. Nb5 axb4 19. cxd6 cxd6 20. Nd3 Bf8 21. Qc2 Ne8
22. Nxb4 Qa5 23. Qb2 Bd7 24. a4 h5 25. Rc3 g4 26. Rfc1 Qd8 27. Nc7 Nxc7 28.
Rxc7 g3 29. hxg3 fxg3 30. Bxg3 Bh6 31. R1c3 Be3+ 32. Bf2 Bxf2+ 33. Kxf2 Qh4+
34. Kg1 Nf4 35. Bb5 Nh3+ 36. Kf1 Bxb5+ 37. axb5 Rxc7 38. gxh3 Qxh3+ 0-1

[Event "HZ Chess Tournament 2013"]
[Site "?"]
[Date "2013.08.07"]
[Round "6"]
[White "Maris, Ivo"]
[Black "Senders, Justin"]
[Result "1-0"]
[WhiteElo "2171"]
[BlackElo "1938"]
[PlyCount "59"]
[EventDate "2013.??.??"]

1. d4 Nf6 2. c4 g6 3. Nc3 Bg7 4. e4 d6 5. Be2 O-O 6. Nf3 e5 7. O-O Nc6 8. d5
Ne7 9. b4 Nh5 10. g3 f5 11. Ng5 Nf6 12. Bf3 c6 13. Bg2 cxd5 14. exd5 h6 15. Ne6
Bxe6 16. dxe6 e4 17. Qb3 d5 18. c5 d4 19. Nb5 Ne8 20. Bb2 d3 21. Bxg7 Kxg7 22.
Rad1 Qd5 23. f3 Qxb3 24. axb3 Nd5 25. fxe4 Ne3 26. Rxd3 Nxf1 27. e5 g5 28. Bxb7
Rb8 29. Rd7+ Kg6 30. Kxf1 1-0

[Event "HZ Chess Tournament 2013"]
[Site "?"]
[Date "2013.08.07"]
[Round "6"]
[White "Gijsen, Stief"]
[Black "Bekkink, Sereyo"]
[Result "1/2-1/2"]
[WhiteElo "2142"]
[BlackElo "1937"]
[PlyCount "70"]
[EventDate "2013.??.??"]

1. d4 Nf6 2. Nc3 d5 3. Bg5 e6 4. e4 dxe4 5. Nxe4 Be7 6. Bxf6 Bxf6 7. Nf3 b6 8.
Bb5+ c6 9. Bd3 Bxd4 10. Nxd4 Qxd4 11. Qh5 Ba6 12. O-O-O Bxd3 13. Rhe1 Qb4 14.
Nf6+ Ke7 15. Ne4 Nd7 16. Qg5+ Nf6 17. cxd3 Rhg8 18. Kb1 Rad8 19. Qc1 Nxe4 20.
Rxe4 Qb5 21. Rc4 Rd6 22. Qf4 Qh5 23. Re1 Rgd8 24. Qe4 c5 25. Rc3 Qxh2 26. Qg4
Qh6 27. Re3 Qf6 28. Rf3 Qh6 29. Kc2 Rd4 30. Qg3 R4d5 31. Rc4 Qg6 32. Rg4 Qh5
33. Rxg7 Rf8 34. Qf4 e5 35. Qe4 Rd4 1/2-1/2

[Event "HZ Chess Tournament 2013"]
[Site "?"]
[Date "2013.08.07"]
[Round "6"]
[White "Krosenbrink, Marcel"]
[Black "Herbold, Manfred"]
[Result "0-1"]
[WhiteElo "1949"]
[BlackElo "2140"]
[PlyCount "78"]
[EventDate "2013.??.??"]

1. e4 c5 2. Nc3 e6 3. f4 a6 4. Nf3 Nc6 5. a4 h5 6. Bc4 Nf6 7. e5 d5 8. Be2 Ng4
9. b3 h4 10. Ng5 Nh6 11. Nh3 Be7 12. Bb2 g6 13. Bf3 Nd4 14. Na2 Nxf3+ 15. Qxf3
b5 16. axb5 axb5 17. Nc3 Rxa1+ 18. Bxa1 Qb6 19. g4 Bb7 20. Nf2 Bc6 21. O-O Nf5
22. Ne2 d4 23. Ne4 Qb7 24. d3 Ne3 25. Rc1 b4 26. Bxd4 cxd4 27. Nxd4 Bxe4 28.
dxe4 Bc5 29. Qxe3 Qb6 30. Rd1 Ke7 31. Kf1 Rd8 32. f5 Rxd4 33. Rxd4 Bxd4 34.
Qg5+ Kd7 35. Qf6 Qa6+ 36. Kg2 Qe2+ 37. Kh3 Qf3+ 38. Kxh4 Bf2+ 39. Kg5 Qe3# 0-1

[Event "HZ Chess Tournament 2013"]
[Site "?"]
[Date "2013.08.07"]
[Round "6"]
[White "Stange, Sven"]
[Black "Verbruggen, Samuel"]
[Result "1/2-1/2"]
[WhiteElo "2137"]
[BlackElo "1918"]
[PlyCount "100"]
[EventDate "2013.??.??"]

1. d4 Nf6 2. c4 e6 3. Nc3 Bb4 4. Qc2 O-O 5. a3 Bxc3+ 6. Qxc3 b6 7. Bg5 Bb7 8.
Nf3 d6 9. e3 Nbd7 10. Be2 c5 11. dxc5 Nxc5 12. Bxf6 Qxf6 13. Qxf6 gxf6 14. Nd2
a5 15. O-O a4 16. Bf3 Bxf3 17. Nxf3 Nd3 18. Rab1 Ne5 19. Nxe5 dxe5 20. b4 axb3
21. Rxb3 Rfc8 22. Rc1 Ra4 23. g3 Raxc4 24. Rxc4 Rxc4 25. Rxb6 Ra4 26. Rb3 e4
27. Rc3 Kg7 28. Kf1 Kg6 29. Ke2 Kg5 30. h3 f5 31. Kd2 e5 32. Kc2 f4 33. Kb3 Ra7
34. Rc5 Rb7+ 35. Kc2 f5 36. Rxe5 fxg3 37. fxg3 h5 38. a4 Rd7 39. Rc5 Rd3 40.
Rc3 Rd5 41. Ra3 Ra5 42. Kc3 h4 43. gxh4+ Kxh4 44. Kb4 Ra8 45. a5 Kxh3 46. Kc5
Kg4 47. Kb6 f4 48. exf4 Kxf4 49. a6 e3 50. a7 e2 1/2-1/2

[Event "HZ Chess Tournament 2013"]
[Site "?"]
[Date "2013.08.07"]
[Round "6"]
[White "Westerweele, Henrik"]
[Black "De Wolf, Johan"]
[Result "1/2-1/2"]
[WhiteElo "1937"]
[BlackElo "2129"]
[PlyCount "35"]
[EventDate "2013.??.??"]

1. e4 d5 2. exd5 Nf6 3. c4 c6 4. d4 cxd5 5. Nc3 dxc4 6. Bxc4 e6 7. Nf3 Be7 8.
O-O O-O 9. Bg5 a6 10. Re1 b5 11. Bb3 Bb7 12. Qd3 b4 13. Bxf6 Bxf6 14. Ne4 Be7
15. Ne5 Nc6 16. Nxf7 Qxd4 17. Bxe6 Qxd3 18. Ne5+ 1/2-1/2

[Event "HZ Chess Tournament 2013"]
[Site "?"]
[Date "2013.08.07"]
[Round "6"]
[White "Roskam, Mathieu"]
[Black "Kampman, Tijmen"]
[Result "0-1"]
[WhiteElo "1901"]
[BlackElo "2126"]
[PlyCount "82"]
[EventDate "2013.??.??"]

1. Nf3 g6 2. d3 Bg7 3. g3 d6 4. Bg2 Nc6 5. Nbd2 e5 6. O-O Nf6 7. e4 O-O 8. c3
Nh5 9. Nh4 Be6 10. Ndf3 h6 11. h3 Qd7 12. Kh2 d5 13. Ng1 dxe4 14. Bxe4 Nf6 15.
Bg2 Rfd8 16. Re1 Qxd3 17. Qa4 Qc4 18. Bxc6 Qxc6 19. Qxc6 bxc6 20. Be3 a5 21.
Nhf3 Nd7 22. Nd2 a4 23. Ne4 f5 24. Nc5 Nxc5 25. Bxc5 Rd2 26. Nf3 Rd5 27. Ba3 e4
28. Rac1 Rd7 29. Nd4 Bxa2 30. Nxc6 Rd2 31. Kg1 Bb3 32. Nd4 Bf8 33. Bxf8 Kxf8
34. Re2 Rxe2 35. Nxe2 Rd8 36. c4 Rd2 37. Nc3 Rxb2 38. Ra1 Rc2 39. Nxa4 Rxc4 40.
Nb2 Rc2 41. Nd1 Ra2 0-1

[Event "HZ Chess Tournament 2013"]
[Site "?"]
[Date "2013.08.07"]
[Round "6"]
[White "Oosterom, Erik"]
[Black "Hemmes, Maarten"]
[Result "1/2-1/2"]
[WhiteElo "2125"]
[BlackElo "1811"]
[PlyCount "69"]
[EventDate "2013.??.??"]

1. Nf3 Nf6 2. c4 g6 3. Nc3 Bg7 4. e4 d6 5. d4 O-O 6. Be2 e5 7. d5 a5 8. Bg5 Na6
9. Nd2 Nc5 10. O-O h6 11. Be3 Nfd7 12. b3 Nxe4 13. Ndxe4 f5 14. Bd3 fxe4 15.
Bxe4 Kh7 16. Qc2 Rf6 17. Rad1 Nf8 18. c5 Bf5 19. cxd6 cxd6 20. Qd3 Rc8 21. Rc1
Nd7 22. Na4 Bxe4 23. Qxe4 b5 24. Nc3 Nc5 25. Bxc5 Rxc5 26. Qe3 Rf4 27. Ne2 Rxc1
28. Rxc1 Rf7 29. Rc6 e4 30. Qxe4 Qf6 31. f4 Re7 32. Qd3 Qa1+ 33. Kf2 Qb2 34.
Rxd6 Bd4+ 35. Kf3 1/2-1/2

[Event "HZ Chess Tournament 2013"]
[Site "?"]
[Date "2013.08.07"]
[Round "6"]
[White "De Graaf, Dig"]
[Black "Tangarife Ramirez, Gonzalo"]
[Result "1-0"]
[WhiteElo "1869"]
[BlackElo "2108"]
[PlyCount "87"]
[EventDate "2013.??.??"]

1. e4 c6 2. d4 Na6 3. c4 g6 4. Nc3 d6 5. Be3 Bg7 6. Qd2 Nf6 7. f3 Bd7 8. O-O-O
O-O 9. Bh6 Qa5 10. h4 e5 11. Bxg7 Kxg7 12. h5 Rfd8 13. hxg6 fxg6 14. Qh6+ Kf7
15. Qg5 Nc7 16. d5 c5 17. f4 exf4 18. Qxf4 h5 19. Nf3 Nce8 20. Bd3 Bg4 21. e5
dxe5 22. Nxe5+ Kg8 23. Rde1 Qc7 24. Qg5 Qg7 25. Nxg6 Rd7 26. Rhf1 Rf7 27. Qf4
Rd8 28. Re5 Nd7 29. Qxf7+ Qxf7 30. Rxf7 Kxf7 31. Re7+ Kf6 32. Rh7 Nd6 33. Nf4
Ke5 34. Nfe2 Nf5 35. Kd2 Nh4 36. g3 Nf3+ 37. Ke3 Ng5 38. Rh6 Nf6 39. Rg6 Nf7
40. Rg7 Rd7 41. Nf4 Ne8 42. Rg6 Ned6 43. Re6+ Bxe6 44. dxe6 1-0

[Event "HZ Chess Tournament 2013"]
[Site "?"]
[Date "2013.08.08"]
[Round "7"]
[White "Landa, Konstantin"]
[Black "Harikrishna, P."]
[Result "1/2-1/2"]
[WhiteElo "2632"]
[BlackElo "2696"]
[PlyCount "55"]
[EventDate "2013.??.??"]

1. d4 Nf6 2. c4 e6 3. Nc3 Bb4 4. Qc2 O-O 5. a3 Bxc3+ 6. Qxc3 d6 7. g3 Nc6 8.
Bg2 e5 9. d5 Nd4 10. e3 Re8 11. Qd3 Bf5 12. e4 Bg6 13. Ne2 Nd7 14. b4 f5 15.
O-O fxe4 16. Bxe4 Qf6 17. Kg2 Bxe4+ 18. Qxe4 Nb6 19. Nxd4 exd4 20. Qd3 Qg6 21.
Qxg6 hxg6 22. Rd1 Nxc4 23. Rxd4 b5 24. a4 a6 25. Kf1 Nb6 26. a5 Nc4 27. Bf4 Re7
28. Re1 1/2-1/2

[Event "HZ Chess Tournament 2013"]
[Site "?"]
[Date "2013.08.08"]
[Round "7"]
[White "Krasenkow, Michal"]
[Black "Harika, Dronavalli"]
[Result "1/2-1/2"]
[WhiteElo "2635"]
[BlackElo "2479"]
[PlyCount "223"]
[EventDate "2013.??.??"]

1. d4 e6 2. c4 Nf6 3. Nf3 d5 4. Nc3 Be7 5. e3 O-O 6. a3 b6 7. b4 c5 8. dxc5
bxc5 9. b5 Bb7 10. Bb2 a6 11. Be2 dxc4 12. O-O Nd5 13. Bxc4 Bf6 14. Qc2 Nxc3
15. Bxc3 Nd7 16. Rfd1 Bxc3 17. Qxc3 Bxf3 18. gxf3 Qg5+ 19. Kh1 Nb6 20. Rg1 Qh6
21. Be2 Nd5 22. Qe5 axb5 23. Bxb5 Rfc8 24. a4 Qf6 25. Qxf6 Nxf6 26. Rgc1 Kf8
27. a5 Ne8 28. e4 Nd6 29. Be2 f6 30. a6 c4 31. f4 e5 32. fxe5 fxe5 33. f4 exf4
34. e5 Nf7 35. Rxc4 Rxc4 36. Bxc4 Nxe5 37. Bd5 Ra7 38. Bb7 Nd3 39. Ra5 Nb4 40.
Kg2 g5 41. Kf3 h6 42. Ke4 Kg7 43. Ra4 Nxa6 44. Bxa6 h5 45. h4 gxh4 46. Kxf4 Kh6
47. Kf3 Ra8 48. Kg2 Rg8+ 49. Kh2 Rg4 50. Ra2 Rg3 51. Be2 Re3 52. Ra6+ Kg5 53.
Ra5+ Kf4 54. Bxh5 Re5 55. Ra4+ Re4 56. Ra8 Re5 57. Rh8 Re3 58. Bd1 h3 59. Rh4+
Kg5 60. Ra4 Rc3 61. Bg4 Kf6 62. Bxh3 Ke5 63. Bg4 Rd3 64. Kg2 Rd4 65. Ra5+ Kf4
66. Be2 Ke3 67. Bf3 Rd2+ 68. Kg3 Rd6 69. Re5+ Kd4 70. Re8 Rb6 71. Be4 Rf6 72.
Kg4 Rd6 73. Kf4 Rf6+ 74. Bf5 Rd6 75. Re2 Kc5 76. Be6 Kd4 77. Re1 Rb6 78. Rd1+
Kc3 79. Bf5 Rf6 80. Ke5 Rf8 81. Rc1+ Kb2 82. Rc5 Rd8 83. Be6 Rd2 84. Bc4 Kc3
85. Bf1+ Kb2 86. Ke4 Rd8 87. Bd3 Kb3 88. Ke3 Kb4 89. Rc4+ Ka5 90. Rc6 Kb4 91.
Kd2 Rd4 92. Rc1 Rh4 93. Ke3 Rh8 94. Rc4+ Ka5 95. Kd4 Rd8+ 96. Kc3 Kb6 97. Be4
Rd6 98. Kb4 Re6 99. Bd5 Rd6 100. Rc5 Rf6 101. Rb5+ Kc7 102. Kc5 Kd7 103. Rb7+
Ke8 104. Kd4 Kf8 105. Ke5 Rf1 106. Be6 Ke8 107. Bg4 Rc1 108. Kf6 Rf1+ 109. Bf5
Kd8 110. Rd7+ Ke8 111. Rd2 Rf3 112. Rc2 1/2-1/2